|
|
|
|
| LEADER |
00000nam2a2200000 4500 |
| 001 |
159866 |
| 005 |
20231101222138.0 |
| 010 |
|
|
|a 9785974700859
|
| 035 |
|
|
|a (RuTPU)RU\TPU\book\173382
|
| 090 |
|
|
|a 159866
|
| 100 |
|
|
|a 20090515d2007 k y0rusy50 ca
|
| 101 |
0 |
|
|a rus
|
| 102 |
|
|
|a RU
|
| 105 |
|
|
|a a z 001zy
|
| 200 |
0 |
|
|a Т. 3: Ландшафтная гидрология: теория и практика исследований
|f под ред. А. Н. Антипова; А. В. Игнатова; В. В. Кравченко
|
| 210 |
|
|
|d 2007
|
| 215 |
|
|
|a 263 с.
|c ил.
|
| 320 |
|
|
|a Библиогр.: с. 244-258.
|
| 330 |
|
|
|a В монографии обсуждаются вопросы ландшафтной гидрологии — нового направления в комплексных исследованиях гидросферы Земли, разрабатываемого в течение последних лет в Институте географии им В.Б. Сочавы СО РАН. Рассматриваются теоретические и методические аспекты проведения таких исследований. Приводятся результаты оценки гидрологических функций различных ландшафтов на территории России, материалы исследований динамики стока и факторов его формирования. Значительное место в книге уделяется прикладным вопросам ландшафтной гидрологии, в частности, водоохранному зонированию. На примере Байкальского региона подробно рассматриваются гидрологические свойства территорий, выделяемых по типу растительных сообществ. Книга адресована гидрологам, метеорологам, ландшафтоведам, экологам, а также специалистам в области использования и охраны водных ресурсов.
|
| 461 |
|
1 |
|0 (RuTPU)RU\TPU\book\174025
|y 978-5-9747-0082-8
|t Географические исследования
|o в 5 т.
|f Российская академия наук (РАН), Сибирское отделение (СО), Институт географии им. В. Г. Сочавы (ИГ); под ред. А. Н. Антипова
|v Т. 3: Ландшафтная гидрология: теория и практика исследований
|d 2007
|
| 606 |
|
|
|a Географические исследования
|2 stltpush
|3 (RuTPU)RU\TPU\subj\68113
|9 83643
|
| 606 |
1 |
|
|a Географические ландшафты
|2 stltpush
|3 (RuTPU)RU\TPU\subj\5904
|9 33889
|
| 610 |
1 |
|
|a география
|
| 610 |
1 |
|
|a ландшафтная гидрогеология
|
| 610 |
1 |
|
|a информационное обеспечение
|
| 610 |
1 |
|
|a ландшафты
|
| 610 |
1 |
|
|a гидрогеология
|
| 610 |
1 |
|
|a водосборы
|
| 610 |
1 |
|
|a реки
|
| 610 |
1 |
|
|a стоки
|
| 610 |
1 |
|
|a озера
|
| 610 |
1 |
|
|a Байкал
|
| 610 |
1 |
|
|a Ангара
|
| 610 |
1 |
|
|a Селенга
|
| 610 |
1 |
|
|a Восточная Сибирь
|
| 675 |
|
|
|a 910(571.1/5)
|v 3
|
| 675 |
|
|
|a 911.5(571.1/5)
|v 3
|
| 702 |
|
1 |
|a Антипов
|b А. Н.
|4 340
|
| 702 |
|
1 |
|a Игнатов
|b А. В.
|4 340
|
| 702 |
|
1 |
|a Кравченко
|b В. В.
|4 340
|
| 801 |
|
1 |
|a RU
|b 63413507
|c 20090515
|g PSBO
|
| 801 |
|
2 |
|a RU
|b 63413507
|c 20091015
|g PSBO
|
| 900 |
|
|
|a Ландшафты и природно-техногенные комплексы
|
| 942 |
|
|
|c BK
|